Normal view
MARC view
- RODGERS, A L,FOWLER, I B R,COLLINS, T.K GARLAND
Entry Personal Name
001 - CONTROL NUMBER
- control field: 74681
003 - CONTROL NUMBER IDENTIFIER
- control field: NUST
005 - DATE AND TIME OF LATEST TRANSACTION
- control field: 20210628205252.0
008 - FIXED-LENGTH DATA ELEMENTS
- fixed length control field: 210628|| aca||aabn | a|a d
040 ## - CATALOGING SOURCE
- Original cataloging agency: NUST
- Transcribing agency: NUST
100 ## - HEADING--PERSONAL NAME
- Personal name: RODGERS, A L,FOWLER, I B R,COLLINS, T.K GARLAND
670 ## - SOURCE DATA FOUND
- Source citation: Work cat.: (NUST): RODGERS, A L,FOWLER, I B R,COLLINS, T.K GARLAND, SURVEILLANCE AND TARGET ACQUISITION SYSTEMS, 1983
